000 00397nam a22001217a 4500
082 _a200 THE
100 _aMUHAMMAD ZAMAN FAKHAR
_972707
245 _aTH-SOF-0835-POSITION BASED SENTENCE SEARCH FOR ENCRYPTED UNSTRUCTURED DATA IN CLOUD ENVIRONMENT
260 _aISLAMABAD
_bNUST COLLEGE OF EME
_c2013
650 _aMS-CSE-11 MSTHESIS
700 _aSUPERVISOR DR SHOAB A KHAN
_969958
942 _cCF
999 _c578700
_d578700